000 00762nam a22002297a 4500
005 20100821105358.0
010 _aENG-101213
020 _c35.00
_a9788189524456
035 _aEN-84746
037 _bDBAD/PUB
082 _a808.803556
100 _aHorkheimer, Max
_916930
245 _aTraditional & critical theory /
_cby Max Hrkheimer
260 _aNew Delhi
_bCritical Quest
_c2009
270 _a420, G-Block, Phase VI Aya Nagar
_bNew Delhi
_e110047
300 _a48 p.
_c22cm (Pbk)
650 _aSocial Issves
_916931
700 _915693
700 _915729
942 _2ddc
_cEN
_mHOR
_h808.803556
999 _c42808
_d42808